Christian Bale Movies Quiz Stats

 Plays Quiz Updated Dec 31, 2020

Support Sporcle.
Go Orange.
Score 0/44 Timer 07:00
13 Plays Today
Year Movie % Correct
2008The Dark Knight
95.5%
2005Batman Begins
90.8%
2012The Dark Knight Rises
84%
2000American Psycho
75.8%
2018Vice
57.5%
2013American Hustle
53.1%
2004The Machinist
50.8%
2006The Prestige
50.3%
2009Terminator Salvation
48.2%
2015The Big Short
38.4%
1987Empire of the Sun
37.6%
1992Newsies
35%
2019Ford v Ferrari
33.7%
2010The Fighter
33%
20073:10 to Yuma
31.4%
2014Exodus: Gods and Kings
28.7%
2009Public Enemies
28.6%
2018Mowgli: Legend of the Jungle
26.6%
2002Equilibrium
23.7%
1994Little Women
22.4%
2002Reign of Fire
21.6%
1995Pocahontas
20.5%
Year Movie % Correct
2006Rescue Dawn
19.7%
2005The New World
19.4%
2017Hostiles
18.3%
2013Out of the Furnace
16.4%
2000Shaft
15.3%
2015Knight of Cups
13.7%
1999A Midsummer Night's Dream
12.7%
2016The Promise
11.9%
2007I'm Not There.
11.8%
2011The Flowers of War
11.6%
1993Swing Kids
11.3%
2005Harsh Times
11.2%
1998Velvet Goldmine
8.5%
2001Captain Corelli's Mandolin
8.3%
1989Henry V
8.1%
2002Laurel Canyon
7.6%
1997Metroland
5.9%
1998All the Little Animals
5.3%
1987Mio min Mio
5.3%
1996The Portrait of a Lady
5.2%
1994Prince of Jutland
4.7%
1996The Secret Agent
4.6%

From the Vault

Premier League Top Scorers (2020-21)

by epkeep32

Sports 5m
All players dream of scoring 10 Premier League goals in a season, just so they would be featured in a Sporcle quiz.
Remove Ads.
Support Sporcle.
Get the best of Sporcle when you Go Orange. This ad-free experience offers more features, more stats, and more fun while also helping to support Sporcle. Thank you for becoming a member.

Show Comments

Extras

Top Quizzes Today


Score Distribution

Your Account Isn't Verified!

In order to create a playlist on Sporcle, you need to verify the email address you used during registration. Go to your Sporcle Settings to finish the process.

Report this User

Report this user for behavior that violates our Community Guidelines.

Details: